| 000 | 00406 a2200133 4500 | ||
|---|---|---|---|
| 001 | 87697 | ||
| 082 | _aPR 74 | ||
| 090 |
_c41156 _d41156 |
||
| 100 | _aNouman Younis, Plt Off 15661 , 71(B) EC | ||
| 245 | _aDesign and fabrication of an optical fiber communication link | ||
| 260 |
_aRisalpur _bCAE, PAF Academy Risalpur _c2011 |
||
| 300 |
_aviii, 50p. _eMuddassir Iqbal, Wg Cdr |
||
| 500 | _aBE Project Reports | ||
| 942 |
_aCAE NUST _kPR 74 |
||
| 999 |
_c322770 _d322770 |
||